Score 0/135 Timer 15:00
2 Plays Today
% Correct
Edgar Allan Poe
96.1%
Edgar Allan Poe
96.1%
Edgar Allan Poe
96.1%
Louisa May Alcott
89.4%
Louisa May Alcott
89.4%
Louisa May Alcott
89.4%
Hans Christian Andersen
88%
Hans Christian Andersen
88%
Hans Christian Andersen
88%
Arthur Conan Doyle
87.8%
Arthur Conan Doyle
87.8%
Arthur Conan Doyle
87.8%
Harriet Beecher Stowe
85.3%
Harriet Beecher Stowe
85.3%
Harriet Beecher Stowe
85.3%
Ralph Waldo Emerson
84.9%
Ralph Waldo Emerson
84.9%
Ralph Waldo Emerson
84.9%
Laura Ingalls Wilder
80.1%
Laura Ingalls Wilder
80.1%
Laura Ingalls Wilder
80.1%
Robert Louis Stevenson
78.7%
Robert Louis Stevenson
78.7%
Robert Louis Stevenson
78.7%
Alfred, Lord Tennyson
76.8%
Alfred, Lord Tennyson
76.8%
Alfred, Lord Tennyson
76.8%
George Bernard Shaw
76.8%
George Bernard Shaw
76.8%
George Bernard Shaw
76.8%
Henry David Thoreau
75.4%
Henry David Thoreau
75.4%
Henry David Thoreau
75.4%
Kurt Vonnegut, Jr.
74.8%
Kurt Vonnegut, Jr.
74.8%
Kurt Vonnegut, Jr.
74.8%
James Fenimore Cooper
71.2%
James Fenimore Cooper
71.2%
James Fenimore Cooper
71.2%
Elizabeth Barrett Browning
70.8%
Elizabeth Barrett Browning
70.8%
Elizabeth Barrett Browning
70.8%
Miguel de Cervantes
69.2%
Miguel de Cervantes
69.2%
Miguel de Cervantes
69.2%
% Correct
Henry Wadsworth Longfellow
67.1%
Henry Wadsworth Longfellow
67.1%
Henry Wadsworth Longfellow
67.1%
Gabriel García Márquez
66.6%
Gabriel García Márquez
66.6%
Gabriel García Márquez
66.6%
Daphne du Maurier
65.1%
Daphne du Maurier
65.1%
Daphne du Maurier
65.1%
Percy Bysshe Shelley
64.9%
Percy Bysshe Shelley
64.9%
Percy Bysshe Shelley
64.9%
Mary Wollstonecraft Shelley
63.8%
Mary Wollstonecraft Shelley
63.8%
Mary Wollstonecraft Shelley
63.8%
Pliny the Elder
63.5%
Pliny the Elder
63.5%
Pliny the Elder
63.5%
John le Carré
63%
John le Carré
63%
John le Carré
63%
Simone de Beauvoir
62.4%
Simone de Beauvoir
62.4%
Simone de Beauvoir
62.4%
Edgar Rice Burroughs
60.8%
Edgar Rice Burroughs
60.8%
Edgar Rice Burroughs
60.8%
Samuel Taylor Coleridge
58.8%
Samuel Taylor Coleridge
58.8%
Samuel Taylor Coleridge
58.8%
William Makepeace Thackeray
55.7%
William Makepeace Thackeray
55.7%
William Makepeace Thackeray
55.7%
Joyce Carol Oates
55%
Joyce Carol Oates
55%
Joyce Carol Oates
55%
Mary Higgins Clark
51.3%
Mary Higgins Clark
51.3%
Mary Higgins Clark
51.3%
Orson Scott Card
51.2%
Orson Scott Card
51.2%
Orson Scott Card
51.2%
Zora Neale Hurston
49.8%
Zora Neale Hurston
49.8%
Zora Neale Hurston
49.8%
% Correct
Bret Easton Ellis
45.2%
Bret Easton Ellis
45.2%
Bret Easton Ellis
45.2%
Lucy Maud Montgomery
39%
Lucy Maud Montgomery
39%
Lucy Maud Montgomery
39%
David Foster Wallace
37.7%
David Foster Wallace
37.7%
David Foster Wallace
37.7%
Jorge Luis Borges
37.2%
Jorge Luis Borges
37.2%
Jorge Luis Borges
37.2%
Frances Hodgson Burnett
36.7%
Frances Hodgson Burnett
36.7%
Frances Hodgson Burnett
36.7%
Isaac Bashevis Singer
34%
Isaac Bashevis Singer
34%
Isaac Bashevis Singer
34%
Ford Madox Ford
33%
Ford Madox Ford
33%
Ford Madox Ford
33%
William Carlos Williams
31.4%
William Carlos Williams
31.4%
William Carlos Williams
31.4%
Rainer Maria Rilke
31.1%
Rainer Maria Rilke
31.1%
Rainer Maria Rilke
31.1%
Mario Vargas Llosa
31.1%
Mario Vargas Llosa
31.1%
Mario Vargas Llosa
31.1%
Stephen Jay Gould
25.9%
Stephen Jay Gould
25.9%
Stephen Jay Gould
25.9%
Alexander McCall Smith
25.5%
Alexander McCall Smith
25.5%
Alexander McCall Smith
25.5%
Ezra Jack Keats
21.5%
Ezra Jack Keats
21.5%
Ezra Jack Keats
21.5%
Sarah Orne Jewett
20.8%
Sarah Orne Jewett
20.8%
Sarah Orne Jewett
20.8%
Lynne Reid Banks
18.5%
Lynne Reid Banks
18.5%
Lynne Reid Banks
18.5%
Remove Ads.
Support Sporcle.
Get the best of Sporcle when you Go Orange. This ad-free experience offers more features, more stats, and more fun while also helping to support Sporcle. Thank you for becoming a member.

You're not logged in!

Compare scores with friends on all Sporcle quizzes.
OR
Log In

Show Comments

Extras

Top Quizzes Today


Score Distribution

Your Account Isn't Verified!

In order to create a playlist on Sporcle, you need to verify the email address you used during registration. Go to your Sporcle Settings to finish the process.

Report this User

Report this user for behavior that violates our Community Guidelines.

Details: